00940cam a2200241 a 450000100100000000500170001000800410002704000300006808200200009810000500011824501020016826000580027030000210032849000320034965000310038165000320041270000330044483000400047791000340051704900090055195201230056099900150068300000808520200929154427.0940330s1991 ck f000 j spa  aDO-SdBNPbspacDLCdBNPHU aCo863.44bL579c1 aLeón Rey, José Antonio.d1903-199492198910aCuando se muere el agua, y otros cuentos /cJosé Antonio León Rey ; prólogo de Manuel Seco. aBogotá, Colombia :bInstituto Caro y Cuervo,c1991. a146 p. ;c20 cm.1 aLa Granada entreabiertav56 4aCuentos colombianos921475 4aLiteratura colombiana912441 aSeco, Manuelepról.921990 0aLa Granada entreabierta ;v5698104 aCatalogación por copia / LC aBNGR 001052708MOaGRbGRcCTd2009-09-14iLF1l0oCo863.44 L579cp8085-10r2020-06-25w2020-06-25y2ZPréstamo interno c7862d7862